Artesanías de la Sierra Norte de Puebla (Record no. 9852)

MARC details
000 -CABECERA
campo de control de longitud fija 00676nam a2200217 a 4500
001 - NÚMERO DE CONTROL
campo de control BRL_1040
005 - FECHA Y HORA DE LA ÚLTIMA TRANSACCIÓN
campo de control 20190320211016.0
008 - DATOS DE LONGITUD FIJA--INFORMACIÓN GENERAL
campo de control de longitud fija 051113s1977----mx-ao#####---#000-0#spa-#
041 ## - CÓDIGO DE LENGUA
Código de lengua del texto/banda sonora o título independiente spa
044 ## - CÓDIGO DEL PAÍS DE LA ENTIDAD EDITORA/PRODUCTORA
Código MARC del país mx
050 #4 - SIGNATURA TOPOGRÁFICA DE LA BIBLIOTECA DEL CONGRESO
Número de clasificación HD2346.M4
Número de documento/Ítem .A78 1977
245 10 - MENCIÓN DE TÍTULO
Título Artesanías de la Sierra Norte de Puebla
260 ## - PUBLICACIÓN, DISTRIBUCIÓN, ETC.
Lugar de publicación, distribución, etc. México
Nombre del editor, distribuidor, etc. SEP : Departamento de Asesoría Técnica, Dirección General de Arte Popular
Fecha de publicación, distribución, etc. 1977
300 ## - DESCRIPCIÓN FÍSICA
Extensión 300 p.
Otras características físicas il., mapas
Dimensiones 22 cm.
440 #0 - MENCIÓN DE SERIE/PUNTO DE ACCESO ADICIONAL--TÍTULO
Título Estudios de Folklore y de Arte Popular
Designación de volumen o secuencia 5
9 (RLIN) 25656
500 ## - NOTA GENERAL
Nota general Au1188
650 14 - PUNTO DE ACCESO ADICIONAL DE MATERIA--TÉRMINO DE MATERIA
Término de materia o nombre geográfico como elemento de entrada Artesanías
Subdivisión geográfica Puebla (Estado)
9 (RLIN) 25657
650 14 - PUNTO DE ACCESO ADICIONAL DE MATERIA--TÉRMINO DE MATERIA
Término de materia o nombre geográfico como elemento de entrada Arte popular
Subdivisión geográfica Puebla (Estado)
9 (RLIN) 25658
902 ## - CATALOGADOR
Iniciales GRL
942 ## - ELEMENTOS DE PUNTO DE ACCESO ADICIONAL (KOHA)
Fuente del sistema de clasificación o colocación Library of Congress Classification
Tipo de ítem Koha Libros
Holdings
Estado de retiro Estado de pérdida Estado dañado No para préstamo Localización permanente Ubicación/localización actual Fecha de adquisición Número de inventario Total de préstamos Signatura topográfica completa Código de barras Fecha visto por última vez Precio válido a partir de Tipo de ítem Koha
El ejemplar forma parte de la colección y puede ser consultado según las políticas vigentes.       Biblioteca Centro de Estudios Ruth D. Lechuga Biblioteca Centro de Estudios Ruth D. Lechuga 05/11/2013 Au1188   HD2346.M4 .A78 1977 (Au1188) GRL01136 22/03/2019 22/03/2019 Libros